Profesionální webdesign : Techniky a vzorová řešení
Salvato in:
| Autore principale: | |
|---|---|
| Natura: | Libro |
| Lingua: | ceco |
| Pubblicazione: |
Brno :
Computer Press,
2005
|
| Edizione: | 1.vyd. |
| Tags: |
Nessun Tag, puoi essere il primo ad aggiungerne!!
|
MARC
| LEADER | 00000nam a22000003a 4500 | ||
|---|---|---|---|
| 001 | stu185916 | ||
| 005 | 20150617230040.9 | ||
| 008 | 090622s2005----xr------------------cze-d | ||
| 020 | |a 80-251-0547-4 | ||
| 040 | |a STU |b slo | ||
| 041 | 0 | |a cze | |
| 044 | |a xr | ||
| 100 | 1 | |a Eccher, Clint |4 aut | |
| 245 | 1 | |a Profesionální webdesign : |b Techniky a vzorová řešení | |
| 250 | |a 1.vyd. | ||
| 260 | |a Brno : |b Computer Press, |c 2005 | ||
| 300 | |a 421 s | ||
| 500 | |a prel. z angl.orig. | ||
| 996 | |c V*50512/O-22584 |l VV23 |s P |a 0 |w stu185916_0001 | ||